000
00294nam a22001337a 4500
003
SGT
082
_a
610.7368
_b
P15T
100
_a
THRESIA, M.T.
245
_a
PSYCHIATRIC AND MENTAL HEALTH NURSING
260
_a
INDIA
_b
CBS
_c
2015
300
_a
290
650
_a
PSYCHIATRIC
942
_2
ddc
_c
BK
999
_c
10955
_d
10955